000 00352 a2200157 4500
001 57305
020 _a
040 _cAnchieta - Pituba
100 _aBrasileiro, Jonar
240 1 0 _aA história da minha geografia
_lpor
245 1 0 _aA história da minha geografia
300 _a48
362 0 _a2005
650 4 _aLiteratura juvenil
942 _cBK
999 _c57305
_d57305